000 00202 a2200097 4500
001 4552
100 _aEckert,E.R.C
245 _aHeat & mass transfer
260 _a
_bMcgrawhill
_c
090 _c3749
_d3749
942 _aNUST-CAE
_cM
_c29988
999 _c239625
_d239625